THE INDIAN CONTRACT ACT 1872 (Record no. 11112)

MARC details
000 -LEADER
fixed length control field 00288nam a22001337a 4500
003 - CONTROL NUMBER IDENTIFIER
control field SGT
082 ## - DEWEY DECIMAL CLASSIFICATION NUMBER
Classification number 346.022,BAR
100 ## - MAIN ENTRY--PERSONAL NAME
Personal name BARE, ACT
245 ## - TITLE STATEMENT
Title THE INDIAN CONTRACT ACT 1872
260 ## - PUBLICATION, DISTRIBUTION, ETC. (IMPRINT)
Place of publication, distribution, etc NEW DELHI
Name of publisher, distributor, etc UNIVERSAL
Year of Publication 2002
300 ## - PAGE DESCRIPTION
No. of Pages 59
650 ## - SUBJECT ADDED ENTRY--TOPICAL TERM
Topical term or geographic name as entry element INDIAN CONTRACT
942 ## - ADDED ENTRY ELEMENTS (KOHA)
Source of classification or shelving scheme Dewey Decimal Classification
Koha item type Books
Holdings
Withdrawn status Lost status Source of classification or shelving scheme Damaged status Not for loan Collection code Home library Current library Shelving location Date acquired Vendor Name Cost, normal purchase price SGTU Total Checkouts Full call number Accession No. (Barcode) Date last seen Bill Date Koha item type
    Dewey Decimal Classification     LAW SGT Science & Social Sciences Library SGT Science & Social Sciences Library Text Book 07/03/2017 DONATE 25.00 SGTU   346.022,BAR FL704 07/03/2017 07/03/2017 Books